[Event "World Youth Girl U16 2016"]
[Site "Khanty-Mansiysk RUS"]
[Date "2016.09.23"]
[Round "2.25"]
[White "Mammadova, Susan"]
[Black "Shih, Ching-An"]
[Result "1-0"]
[BlackTitle "WCM"]
[WhiteElo "1836"]
[BlackElo "1460"]
[WhiteFideId "13413210"]
[BlackFideId "16300653"]
[EventDate "2016.09.22"]

1. e4 e5 2. Nf3 Nc6 3. Bc4 Be7 4. O-O Nf6 5. d3 O-O 6. c3 d6 7. h3 Na5 8. Bb5 a6
9. Ba4 b5 10. Bc2 c5 11. Re1 Bb7 12. Nbd2 Nc6 13. Nf1 Re8 14. Ng3 g6 15. Bh6 Bf8
16. Qd2 Bg7 17. Bxg7 Kxg7 18. d4 exd4 19. cxd4 Nb4 20. Bb1 a5 21. a3 Nc6 22.
dxc5 dxc5 23. Qg5 Ne7 24. e5 Nfg8 25. Nh5+ Kf8 26. Nf6 Nxf6 27. exf6 Ng8 28.
Qxc5+ Ne7 29. fxe7+ Rxe7 30. Qxe7+ Qxe7 31. Rxe7 Kxe7 32. Bd3 Bxf3 33. gxf3 1-0

[Event "World Youth Girl U16 2016"]
[Site "Khanty-Mansiysk RUS"]
[Date "2016.09.23"]
[Round "2.26"]
[White "Gardiner, Nina"]
[Black "Zairbek kyzy, Begimay"]
[Result "0-1"]
[WhiteElo "1530"]
[BlackElo "1836"]
[WhiteFideId "14306867"]
[BlackFideId "13803603"]
[EventDate "2016.09.22"]

1. e4 c6 2. d4 d5 3. Nc3 dxe4 4. Nxe4 Nd7 5. Nf3 Ngf6 6. Nxf6+ Nxf6 7. h3 Bf5 8.
Bd3 Bg6 9. c3 e6 10. Ne5 Bd6 11. Nxg6 hxg6 12. Bg5 Qb6 13. Qd2 Nd5 14. O-O Qc7
15. Rfe1 Rh5 16. Be2 Rh7 17. Bg4 Nf6 18. Bf3 O-O-O 19. Rac1 Rdh8 20. c4 Nh5 21.
Qe3 Kb8 22. Qe2 Bf4 23. Bxf4 Nxf4 24. Qe3 g5 25. Rc3 f5 26. g3 Nxh3+ 27. Kf1 g4
28. Bg2 Rh6 29. d5 f4 30. gxf4 Nxf4 31. Be4 Rh1+ 32. Bxh1 Rxh1# 0-1

[Event "World Youth Girl U16 2016"]
[Site "Khanty-Mansiysk RUS"]
[Date "2016.09.23"]
[Round "2.27"]
[White "Krapivina, Galina"]
[Black "Nazarova, Veronika"]
[Result "1-0"]
[WhiteElo "1834"]
[BlackElo "1303"]
[WhiteFideId "24159182"]
[BlackFideId "4506944"]
[EventDate "2016.09.22"]

1. e4 c5 2. Nf3 d6 3. d4 cxd4 4. Nxd4 Nf6 5. Nc3 Nc6 6. Be3 Ng4 7. Qd2 Nxe3 8.
Qxe3 e6 9. O-O-O Be7 10. Kb1 a6 11. f4 Bd7 12. h3 b5 13. g4 b4 14. Nce2 a5 15.
Bg2 Rc8 16. e5 Nxd4 17. Nxd4 Qc7 18. Rd2 a4 19. Qe2 a3 20. exd6 Bxd6 21. f5 e5
22. Nb5 Bxb5 23. Qxb5+ Ke7 24. Rhd1 Rhd8 25. g5 axb2 26. Qa6 Bc5 27. f6+ Kf8 28.
fxg7+ Kxg7 29. Qf6+ Kf8 30. Rxd8+ 1-0

[Event "World Youth Girl U16 2016"]
[Site "Khanty-Mansiysk RUS"]
[Date "2016.09.23"]
[Round "2.28"]
[White "Ni Mhuireagain, Eibhia"]
[Black "Kostava, Elene"]
[Result "0-1"]
[WhiteElo "1433"]
[BlackElo "1756"]
[WhiteFideId "2505665"]
[BlackFideId "13603280"]
[EventDate "2016.09.22"]

1. e4 c5 2. c4 d6 3. Nc3 Nc6 4. Nge2 Nf6 5. d3 e6 6. g3 g6 7. Bg2 Bg7 8. O-O O-O
9. h3 Rb8 10. f4 a6 11. a4 Nb4 12. g4 Ne8 13. Na2 Nc6 14. Ng3 Nc7 15. f5 exf5
16. exf5 d5 17. Qf3 Nd4 18. Qf2 Nb3 19. Rb1 Nxc1 20. Qxc5 Nxd3 21. Qb6 Be5 22.
Qe3 dxc4 23. Ne2 Re8 24. Qb6 Bd6 0-1

[Event "World Youth Girl U16 2016"]
[Site "Khanty-Mansiysk RUS"]
[Date "2016.09.23"]
[Round "2.29"]
[White "Horn, Caro"]
[Black "Tumova, Anna"]
[Result "0-1"]
[WhiteElo "1229"]
[BlackElo "1711"]
[WhiteFideId "15200884"]
[BlackFideId "367397"]
[EventDate "2016.09.22"]

1. e4 e6 2. Nf3 d5 3. Nc3 Bb4 4. Bb5+ Bd7 5. exd5 exd5 6. O-O Ne7 7. a3 Bxc3 8.
Bxd7+ Nxd7 9. dxc3 O-O 10. Re1 c6 11. Bg5 f6 12. Bf4 Nc5 13. Nd4 Ng6 14. Bd2 Qd7
15. f3 Rfe8 16. Rxe8+ Rxe8 17. b4 Na4 18. Rb1 Ne5 19. b5 c5 20. Ne2 Nc4 21. Bc1
Rxe2 22. Qxe2 Nxc3 23. Qf2 Nxb1 24. Qxc5 Qe6 25. Qb4 Qe2 26. h3 Qd1+ 27. Kh2
Qxc1 28. Qe7 Qf4+ 29. Kg1 Qe3+ 30. Qxe3 Nxe3 0-1

[Event "World Youth Girl U16 2016"]
[Site "Khanty-Mansiysk RUS"]
[Date "2016.09.24"]
[Round "3.5"]
[White "Shuvalova, Polina"]
[Black "Yakubbaeva, Nilufar"]
[Result "1/2-1/2"]
[WhiteTitle "WFM"]
[WhiteElo "2393"]
[BlackElo "1896"]
[WhiteFideId "24171760"]
[BlackFideId "14204487"]
[EventDate "2016.09.22"]

1. e4 c6 2. d4 d5 3. Nc3 dxe4 4. Nxe4 Bf5 5. Ng3 Bg6 6. Nh3 e6 7. Nf4 Qh4 8. Be3
Nf6 9. Qd2 Be7 10. Nxg6 hxg6 11. Bd3 Nd5 12. O-O-O Nd7 13. Kb1 Nxe3 14. Qxe3
O-O-O 15. Ne4 Qh6 16. f4 Nf6 17. Ng5 Nd5 18. Qd2 Bxg5 19. fxg5 Qh4 20. c3 Qh7
21. g3 Qg8 22. Qe2 Nb6 23. Rhf1 Rd7 24. h4 Qd8 25. Qe5 Rg8 26. Rf3 Re7 27. Rdf1
Nd7 28. Qd6 f5 29. Re3 Rge8 30. Rfe1 Nb6 31. Qa3 Kb8 32. Qb3 Qd6 33. Bc2 Nd5 34.
Re5 Nb6 35. a3 Nd7 36. R5e3 e5 37. dxe5 Rxe5 38. Rxe5 Rxe5 39. Qg8+ Kc7 40. Rd1
Qe7 41. Qc4 Nb6 42. Qd4 Rd5 43. Qf4+ Qe5 44. Qxe5+ Rxe5 45. Kc1 Re3 46. Rg1 Kd6
47. Bb3 Ke7 48. Kd2 Re4 49. Kd3 Nd7 50. Kd2 Ne5 51. Bd1 1/2-1/2

[Event "World Youth Girl U16 2016"]
[Site "Khanty-Mansiysk RUS"]
[Date "2016.09.24"]
[Round "3.6"]
[White "Sakorenko, Adriana"]
[Black "Amina, Battsooj"]
[Result "0-1"]
[BlackTitle "FM"]
[WhiteElo "2007"]
[BlackElo "2302"]
[WhiteFideId "34130249"]
[BlackFideId "4902661"]
[EventDate "2016.09.22"]

1. e4 e5 2. Nf3 Nc6 3. Bb5 a6 4. Ba4 Nf6 5. d3 Bc5 6. O-O b5 7. Bb3 d6 8. c3 O-O
9. h3 h6 10. Re1 Re8 11. Nbd2 Ba7 12. Nf1 Na5 13. Bc2 c5 14. Ng3 Nc6 15. Be3 Qc7
16. Rc1 d5 17. exd5 Nxd5 18. d4 c4 19. Be4 Nxe3 20. Rxe3 exd4 21. Bxc6 dxe3 22.
Bxe8 exf2+ 23. Kh1 Qxg3 24. Bxf7+ Kh7 25. Qc2+ g6 26. Qe4 Bxh3 27. gxh3 Rf8 28.
Bxg6+ Qxg6 29. Qxg6+ Kxg6 30. Kg2 Kf5 31. Nh2 Be3 32. Rc2 Rg8+ 0-1

[Event "World Youth Girl U16 2016"]
[Site "Khanty-Mansiysk RUS"]
[Date "2016.09.24"]
[Round "3.7"]
[White "Jie, Tianhui"]
[Black "Sieber, Fiona"]
[Result "1-0"]
[BlackTitle "WFM"]
[WhiteElo "1914"]
[BlackElo "2268"]
[WhiteFideId "30908566"]
[BlackFideId "12902373"]
[EventDate "2016.09.22"]

1. d4 Nf6 2. c4 e6 3. Nf3 b6 4. g3 Ba6 5. Nbd2 Bb4 6. Qc2 Bb7 7. Bg2 Be4 8. Qa4
Bxd2+ 9. Bxd2 c5 10. O-O Nc6 11. dxc5 bxc5 12. Be3 Qb6 13. Qb5 d6 14. Rfd1 Ke7
15. Bf4 e5 16. Qxb6 axb6 17. Bg5 Rhd8 18. Nh4 Bxg2 19. Kxg2 Ke6 20. g4 g6 21. h3
Rd7 22. f3 Ng8 23. f4 Rda7 24. f5+ Kd7 25. a3 Nd4 26. Nf3 f6 27. Nxd4 exd4 28.
Bf4 gxf5 29. e3 fxg4 30. hxg4 Ra4 31. Rac1 Re8 32. Kf3 Kc6 33. exd4 Raa8 34.
dxc5 dxc5 35. Rd6+ Kb7 36. Rd7+ Ka6 37. Rcd1 Ne7 38. b4 Rac8 39. b5+ 1-0

[Event "World Youth Girl U16 2016"]
[Site "Khanty-Mansiysk RUS"]
[Date "2016.09.24"]
[Round "3.8"]
[White "Kiolbasa, Oliwia"]
[Black "Kopcova, Ludmila"]
[Result "1-0"]
[WhiteTitle "WIM"]
[WhiteElo "2196"]
[BlackElo "1798"]
[WhiteFideId "1154613"]
[BlackFideId "363774"]
[EventDate "2016.09.22"]

1. e4 e5 2. Nf3 Nf6 3. Nxe5 d6 4. Nf3 Nxe4 5. d4 d5 6. Bd3 Nc6 7. O-O Be7 8.
Nbd2 Nxd2 9. Bxd2 Bg4 10. c3 O-O 11. h3 Bh5 12. g3 Bd6 13. Kg2 f5 14. Qb3 Bxf3+
15. Kxf3 Ne7 16. Kg2 f4 17. Rae1 b6 18. Qc2 h6 19. c4 dxc4 20. Qxc4+ Kh8 21. Qe6
Rf6 22. Qe4 f3+ 23. Kg1 Qg8 24. d5 Nf5 25. Bc3 Rf7 26. Qe6 Raf8 27. Bxf5 Rxf5
28. Qxh6+ Qh7 29. Bxg7+ 1-0

[Event "World Youth Girl U16 2016"]
[Site "Khanty-Mansiysk RUS"]
[Date "2016.09.24"]
[Round "3.9"]
[White "Jakab, Kincso"]
[Black "Di Benedetto, Desiree"]
[Result "1-0"]
[BlackTitle "WFM"]
[WhiteElo "1893"]
[BlackElo "2183"]
[WhiteFideId "1232002"]
[BlackFideId "875813"]
[EventDate "2016.09.22"]

1. d4 d5 2. Nf3 Nf6 3. Bf4 c5 4. e3 Nc6 5. c3 Qb6 6. Qc2 g6 7. dxc5 Qxc5 8. Bd3
Bg7 9. Nbd2 O-O 10. O-O Re8 11. e4 dxe4 12. Nxe4 Nxe4 13. Bxe4 e5 14. Be3 Qe7
15. h4 Bg4 16. g3 Rac8 17. Qa4 Bxf3 18. Bxf3 e4 19. Be2 h5 20. Rad1 Qc7 21. Bb5
a6 22. Bxc6 Qxc6 23. Qxc6 Rxc6 24. Rd7 b5 25. Rfd1 Rce6 26. Ra7 Bf6 27. Rdd7
R8e7 28. Ra8+ Kh7 29. Rxe7 Bxe7 30. Bd4 f6 31. Ra7 Kh6 32. Be3+ g5 33. Ra8 Kg6
34. hxg5 fxg5 35. Rg8+ Kf5 36. Rh8 Kg4 37. Kg2 Bf6 38. Rh6 Rd6 39. Rg6 Kf5 40.
Rh6 Rd1 41. Rxh5 Ra1 42. a3 Rb1 43. Rh6 Rxb2 44. g4+ Kxg4 45. Rxf6 Rb3 46. Rxa6
Rxc3 47. Ra5 Rb3 48. Bc5 Kh4 49. Ra8 Rb2 50. Re8 g4 51. Rxe4 1-0

[Event "World Youth Girl U16 2016"]
[Site "Khanty-Mansiysk RUS"]
[Date "2016.09.24"]
[Round "3.10"]
[White "Afonasieva, Anna"]
[Black "Gundogan, Sinem Cagla"]
[Result "0-1"]
[WhiteTitle "WFM"]
[BlackTitle "WCM"]
[WhiteElo "2132"]
[BlackElo "1933"]
[WhiteFideId "24173606"]
[BlackFideId "6325378"]
[EventDate "2016.09.22"]

1. d4 d5 2. Nf3 Nf6 3. c4 c6 4. Nc3 dxc4 5. a4 Bf5 6. e3 e6 7. Bxc4 Bb4 8. O-O
Nbd7 9. Bd3 Bg6 10. Bxg6 hxg6 11. Qc2 O-O 12. e4 Rc8 13. Rd1 Qb6 14. h3 Rfd8 15.
Bg5 Re8 16. e5 Nd5 17. Ne4 Qc7 18. Nfd2 b5 19. Rac1 Qb8 20. Qd3 Bf8 21. axb5
cxb5 22. Nb3 a6 23. Bd2 Rxc1 24. Rxc1 Rc8 25. Ra1 Qb6 26. h4 Be7 27. Bg5 Bf8 28.
Bd2 Be7 29. Bg5 Bf8 30. Qf3 Rc2 31. h5 gxh5 32. Qxh5 Rxb2 33. Bc1 g6 34. Qh3
Rxb3 35. Qxb3 Qxd4 36. Nf6+ N5xf6 37. Bb2 Qd5 38. Qc2 Nxe5 39. Rd1 Nf3+ 40. gxf3
Qxf3 41. Rd3 Qf5 42. Qc3 Bg7 43. Rf3 Qg4+ 44. Kf1 Ne8 45. Qc6 Qc4+ 46. Qxc4 bxc4
47. Bxg7 Kxg7 48. Ra3 Kf6 49. Rxa6 Ke5 50. Ke2 Nd6 51. Rc6 Kd5 52. Rc7 g5 53.
Ra7 f6 54. Ra6 Ne4 55. Ke3 Nc5 56. Rb6 f5 57. f3 c3 58. Rb4 f4+ 59. Ke2 c2 60.
Kd2 c1=Q+ 0-1

[Event "World Youth Girl U16 2016"]
[Site "Khanty-Mansiysk RUS"]
[Date "2016.09.24"]
[Round "3.11"]
[White "Martynkova, Olena"]
[Black "Cieslak, Wiktoria"]
[Result "0-1"]
[WhiteTitle "WFM"]
[WhiteElo "2287"]
[BlackElo "1869"]
[WhiteFideId "14134039"]
[BlackFideId "1160036"]
[EventDate "2016.09.22"]

1. e4 c5 2. Nf3 d6 3. d4 cxd4 4. Nxd4 Nf6 5. Nc3 a6 6. Bg5 e6 7. f4 Be7 8. Qf3
Qc7 9. O-O-O Nbd7 10. g4 b5 11. Bxf6 Nxf6 12. g5 Nd7 13. h4 Bb7 14. h5 Rc8 15.
g6 b4 16. gxf7+ Kxf7 17. Na4 Nf6 18. Bd3 e5 19. fxe5 dxe5 20. Nf5 Rhd8 21. Nxe7
Kxe7 22. Rhg1 Kf7 23. Rdf1 Rd6 24. Qg3 Kg8 25. Bc4+ Kh8 26. b3 Nxh5 27. Qg5 Nf4
28. Qg4 Bxe4 29. Re1 Rg6 30. Qh4 Rxg1 31. Rxg1 Ne2+ 32. Kb2 Nxg1 33. Qxe4 Nh3
34. Bd3 Ng5 35. Qf5 h6 36. Nb6 Qc3+ 37. Kb1 Rd8 38. Nd7 e4 39. Ne5 Qe1+ 40. Kb2
exd3 41. Ng6+ Kg8 0-1

[Event "World Youth Girl U16 2016"]
[Site "Khanty-Mansiysk RUS"]
[Date "2016.09.24"]
[Round "3.12"]
[White "Alinasab, Mobina"]
[Black "Kozybayeva, Alisa"]
[Result "1-0"]
[WhiteTitle "WFM"]
[WhiteElo "2230"]
[BlackElo "1888"]
[WhiteFideId "12528897"]
[BlackFideId "13708317"]
[EventDate "2016.09.22"]

1. e4 c5 2. Nf3 d6 3. d4 cxd4 4. Nxd4 Nf6 5. Nc3 g6 6. Be3 Bg7 7. f3 O-O 8. Qd2
Nc6 9. O-O-O Nxd4 10. Bxd4 Be6 11. Kb1 Rc8 12. h4 h5 13. g4 Re8 14. Bb5 Rf8 15.
Be2 Re8 16. gxh5 Nxh5 17. Bxg7 Kxg7 18. f4 Qa5 19. Bxh5 Rxc3 20. Qxc3+ Qxc3 21.
bxc3 gxh5 22. f5 Bc4 23. Rd4 Rc8 24. Rg1+ Kh6 25. f6 exf6 26. Rxd6 Be6 27. Kb2
Kh7 28. a4 Kh6 29. Rg3 Kh7 30. Kc1 Re8 31. Kd2 Rc8 32. Rg1 Kh6 33. Rd4 Bg4 34.
Rd6 Be6 35. a5 Kh7 36. Rb1 Rc7 37. Rd8 Kg7 38. Rb5 Bg4 39. Rb8 Bc8 40. Rd5 Kg6
41. Rd8 1-0

[Event "World Youth Girl U16 2016"]
[Site "Khanty-Mansiysk RUS"]
[Date "2016.09.24"]
[Round "3.13"]
[White "Radeva, Viktoria"]
[Black "Blazeka, Mihaela"]
[Result "1-0"]
[WhiteTitle "WFM"]
[WhiteElo "2143"]
[BlackElo "1868"]
[WhiteFideId "2915405"]
[BlackFideId "14528576"]
[EventDate "2016.09.22"]

1. e4 e5 2. Nf3 Nc6 3. d4 exd4 4. Nxd4 Bb4+ 5. c3 Bc5 6. Be3 Bb6 7. Nf5 g6 8.
Bxb6 axb6 9. Ne3 Nf6 10. f3 d6 11. c4 Nh5 12. Qd2 O-O 13. Nc3 Ne5 14. O-O-O Be6
15. b3 Nc6 16. g4 Ng7 17. f4 Nb4 18. f5 Bd7 19. Ned5 c6 20. Nxb4 Qf6 21. h4 1-0

[Event "World Youth Girl U16 2016"]
[Site "Khanty-Mansiysk RUS"]
[Date "2016.09.24"]
[Round "3.14"]
[White "Zairbek kyzy, Begimay"]
[Black "Monroy G., Nataly A."]
[Result "1/2-1/2"]
[BlackTitle "WIM"]
[WhiteElo "1836"]
[BlackElo "2105"]
[WhiteFideId "13803603"]
[BlackFideId "3304019"]
[EventDate "2016.09.22"]

1. e4 c5 2. c3 g6 3. d4 cxd4 4. cxd4 d5 5. e5 Nc6 6. h3 Bg7 7. Nc3 f6 8. f4 Nh6
9. g4 O-O 10. Nf3 fxe5 11. dxe5 e6 12. Be3 d4 13. Nxd4 Nxd4 14. Qxd4 Qxd4 15.
Bxd4 Rxf4 16. O-O-O Nf7 17. Ne2 Re4 18. Nc3 Rf4 19. Ne2 Re4 20. Nc3 Rxd4 21.
Rxd4 Bxe5 22. Rd1 b6 23. Bg2 Rb8 24. Nb5 Bb7 25. Bxb7 Rxb7 26. Rhf1 g5 27. Rd3
Bf4+ 28. Kc2 Ne5 29. Rd8+ Kg7 30. Nd4 Nc4 31. Nxe6+ Kf6 32. Rxf4+ gxf4 33. Nxf4
Kg5 34. Ng2 Rc7 35. Rd5+ Kf6 36. Rf5+ Kg7 37. Kb3 Nd2+ 38. Ka3 Nc4+ 39. Kb3 Nd2+
40. Kb4 Rc4+ 41. Kb5 Rc2 42. Nf4 Ne4 43. Ne6+ Kg6 44. Ka6 Rxb2 45. Kxa7 Rxa2+
46. Kxb6 Rf2 47. Nf4+ Kg7 1/2-1/2

[Event "World Youth Girl U16 2016"]
[Site "Khanty-Mansiysk RUS"]
[Date "2016.09.24"]
[Round "3.15"]
[White "Sliwicka, Alicja"]
[Black "Mammadova, Susan"]
[Result "1-0"]
[WhiteTitle "WFM"]
[WhiteElo "2092"]
[BlackElo "1836"]
[WhiteFideId "1150677"]
[BlackFideId "13413210"]
[EventDate "2016.09.22"]

1. e4 g6 2. d4 Bg7 3. Nc3 d6 4. f4 Nf6 5. Nf3 O-O 6. Bd3 c6 7. O-O Nbd7 8. Qe2
Ne8 9. e5 Nc7 10. Kh1 dxe5 11. fxe5 Ne6 12. Ne4 Nb6 13. c3 Nd5 14. Nfg5 Nec7 15.
Bd2 f5 16. Nc5 h6 17. Nh3 b6 18. Nb3 e6 19. c4 Ne7 20. a4 a5 21. Rfc1 c5 22.
dxc5 bxc5 23. Bxa5 Nc6 24. Bc3 Ba6 25. Nf4 g5 26. Nh5 Bh8 27. Nf6+ Bxf6 28. exf6
e5 29. Qe3 Qxf6 30. Rd1 Qe7 31. Be2 Rad8 32. Nc1 Rd6 33. Nd3 e4 34. Nf2 Nb4 35.
Rxd6 Qxd6 36. Rd1 Qe6 37. Qxc5 1-0

[Event "World Youth Girl U16 2016"]
[Site "Khanty-Mansiysk RUS"]
[Date "2016.09.24"]
[Round "3.16"]
[White "Nguyen, Hong Ngoc"]
[Black "Grigoryan, Arpine"]
[Result "1/2-1/2"]
[WhiteElo "1807"]
[BlackElo "1942"]
[WhiteFideId "12403083"]
[BlackFideId "13307231"]
[EventDate "2016.09.22"]

1. d4 Nf6 2. c4 e6 3. Nf3 b6 4. g3 Ba6 5. Qc2 Bb7 6. Bg2 c5 7. O-O Be7 8. Nc3
O-O 9. dxc5 bxc5 10. e4 d6 11. Rd1 Qb6 12. Be3 Qc7 13. h3 a6 14. Rd2 Rd8 15.
Rad1 Nc6 16. Ne1 Ne8 17. f4 Bf6 18. Nf3 Rac8 19. a3 Qb8 20. g4 Qa8 21. Ne2 Ne7
22. Ng3 g6 23. g5 Bg7 24. Ne1 Nc6 25. Ne2 Qa7 26. Kh1 Qa8 27. h4 Rb8 28. Rb1 1/2-1/2

[Event "World Youth Girl U16 2016"]
[Site "Khanty-Mansiysk RUS"]
[Date "2016.09.24"]
[Round "3.17"]
[White "Khristenko, Anna"]
[Black "Krapivina, Galina"]
[Result "1-0"]
[WhiteElo "1938"]
[BlackElo "1834"]
[WhiteFideId "24173886"]
[BlackFideId "24159182"]
[EventDate "2016.09.22"]

1. Nf3 d5 2. g3 Nc6 3. d4 Bf5 4. Bg2 Nf6 5. O-O Qd7 6. Nbd2 O-O-O 7. c3 h6 8. b4
Ne4 9. Qb3 Bh3 10. b5 Na5 11. Qa4 Bxg2 12. Kxg2 b6 13. Nxe4 dxe4 14. Ne5 Qd5 15.
Be3 f6 16. c4 Qe6 17. Nc6 Nxc6 18. bxc6 Kb8 19. d5 Qc8 20. Rab1 h5 21. c5 h4 22.
cxb6 cxb6 23. Rxb6+ Kc7 24. Qxa7+ Kd6 25. c7+ Ke5 26. cxd8=Q Qxd8 27. Re6+ Kf5
28. Qd4 Kg6 1-0

[Event "World Youth Girl U16 2016"]
[Site "Khanty-Mansiysk RUS"]
[Date "2016.09.24"]
[Round "3.18"]
[White "Kostava, Elene"]
[Black "Prakapuk, Vera"]
[Result "0-1"]
[WhiteElo "1756"]
[BlackElo "1908"]
[WhiteFideId "13603280"]
[BlackFideId "13507052"]
[EventDate "2016.09.22"]

1. Nf3 Nf6 2. c4 e6 3. e3 b6 4. Nc3 Bb7 5. b3 c5 6. Bb2 Be7 7. d4 cxd4 8. Nxd4
O-O 9. Nf3 d5 10. Rc1 Nbd7 11. Be2 dxc4 12. Bxc4 a6 13. a4 Rc8 14. Qe2 Rc7 15.
O-O Bxf3 16. gxf3 Ne5 17. Ne4 Nxc4 18. Rxc4 Nd5 19. Rd1 Rd7 20. Rdc1 f5 21. Ng3
Nb4 22. Rd4 Nd5 23. Rcd1 Bc5 24. R4d3 f4 25. Nf1 fxe3 26. Kh1 Rdf7 27. Nxe3 Bxe3
28. fxe3 Rxf3 29. e4 Rf2 30. Qg4 Rxb2 31. Qxe6+ Kh8 32. Rxd5 Qh4 33. Qe5 Re2 34.
Rd7 Re1+ 35. Rxe1 Qxe1+ 36. Kg2 Qf1+ 37. Kg3 Qf3+ 38. Kh4 Rf4+ 0-1

[Event "World Youth Girl U16 2016"]
[Site "Khanty-Mansiysk RUS"]
[Date "2016.09.24"]
[Round "3.19"]
[White "Hamedi Nia, Vesal"]
[Black "Tumova, Anna"]
[Result "1-0"]
[WhiteElo "1904"]
[BlackElo "1711"]
[WhiteFideId "12542253"]
[BlackFideId "367397"]
[EventDate "2016.09.22"]

1. d4 Nf6 2. c4 g6 3. Nc3 d5 4. Nf3 Bg7 5. Bf4 c6 6. e3 O-O 7. Bd3 dxc4 8. Bxc4
Nbd7 9. O-O Nb6 10. Bb3 Nbd5 11. Nxd5 Nxd5 12. Bg5 Kh8 13. h3 Bf5 14. Re1 f6 15.
Bh4 Nc7 16. Bg3 Be4 17. Nd2 Bd5 18. Bxc7 Qxc7 19. Bxd5 cxd5 20. Rc1 Qd7 21. Qb3
e5 22. Rc5 Rfd8 23. Rec1 b6 24. Rc7 Qe6 25. R1c6 Rd6 26. Qb5 exd4 27. exd4 f5
28. Rxd6 Qxd6 29. Rd7 Qf4 30. Qxd5 Rf8 31. Nb3 a5 32. a4 Qg5 33. Rb7 Re8 34. g3
Qh5 35. Kg2 Qe2 36. Qf7 Rg8 37. Re7 Qd3 38. Re8 Bf8 39. Rxf8 Qe4+ 40. Kh2 1-0

[Event "World Youth Girl U16 2016"]
[Site "Khanty-Mansiysk RUS"]
[Date "2016.09.24"]
[Round "3.20"]
[White "Sevilla, Julia"]
[Black "Priyanka, K"]
[Result "0-1"]
[WhiteElo "1546"]
[BlackElo "2205"]
[WhiteFideId "2099730"]
[BlackFideId "5082986"]
[EventDate "2016.09.22"]

1. d4 Nf6 2. c4 g6 3. Nc3 Bg7 4. g3 d6 5. Bg2 O-O 6. Nf3 a6 7. O-O Nc6 8. e4 Bg4
9. Be3 e5 10. d5 Ne7 11. Qd2 Bxf3 12. Bxf3 Nd7 13. Bh6 f5 14. Bxg7 Kxg7 15. exf5
gxf5 16. Bg2 Ng6 17. Rae1 f4 18. Ne4 h6 19. Bh3 Nf6 20. Be6 Nxe4 21. Rxe4 Qg5
22. Qa5 b6 23. Qa4 Qe7 24. Qd7 Qxd7 25. Bxd7 Rad8 26. Be6 h5 27. Rc1 fxg3 28.
hxg3 a5 29. Kg2 Rf6 30. Rh1 Rdf8 31. Re2 h4 32. a3 e4 33. Rg1 hxg3 34. fxg3 Ne5
35. Rc1 Nd3 36. Rcc2 Rf1 37. Kh3 Rh8+ 38. Kg4 Ne5+ 39. Kg5 Rh6 40. Rxe4 Rg6+ 41.
Kh5 Rh1+ 42. Rh4 Nf3 0-1

[Event "World Youth Girl U16 2016"]
[Site "Khanty-Mansiysk RUS"]
[Date "2016.09.24"]
[Round "3.21"]
[White "Tishova, Svetlana"]
[Black "Campos Toledo, Andrea Celeste"]
[Result "1-0"]
[WhiteElo "2317"]
[BlackElo "1750"]
[WhiteFideId "24173550"]
[BlackFideId "3826171"]
[EventDate "2016.09.22"]

1. e4 c5 2. Nf3 e6 3. d4 cxd4 4. Nxd4 a6 5. c4 Nf6 6. Nc3 Qc7 7. Be2 b6 8. O-O
Bb7 9. f3 Be7 10. Be3 d6 11. Rc1 O-O 12. Qd2 Nbd7 13. b4 Rac8 14. a3 Qb8 15.
Rfd1 Rfe8 16. Bf1 Ne5 17. Na4 Nfd7 18. Qf2 Bd8 19. h3 Bc7 20. Nb3 Ba8 21. Rb1
Rcd8 22. c5 dxc5 23. bxc5 b5 24. Nb6 Nf6 25. Nd4 Ng6 26. Kh1 Bxe4 27. fxe4 Nxe4
28. Qc2 Ng3+ 29. Kg1 Nf5 30. Nxf5 exf5 31. Bf2 f4 32. Nd5 Ne5 33. Nxc7 Qxc7 34.
Qf5 Nd7 35. Rd4 Nxc5 36. Rxd8 Rxd8 37. Qxc5 1-0

[Event "World Youth Girl U16 2016"]
[Site "Khanty-Mansiysk RUS"]
[Date "2016.09.24"]
[Round "3.22"]
[White "Dong, Khanh Linh"]
[Black "Yang, Yijing"]
[Result "1/2-1/2"]
[WhiteTitle "WCM"]
[BlackTitle "WCM"]
[WhiteElo "1671"]
[BlackElo "1975"]
[WhiteFideId "12403040"]
[BlackFideId "8608601"]
[EventDate "2016.09.22"]

1. d4 Nf6 2. c4 g6 3. Nc3 d5 4. Bg5 Ne4 5. Bf4 Nxc3 6. bxc3 Bg7 7. e3 O-O 8. Nf3
c5 9. cxd5 Qxd5 10. Be2 cxd4 11. cxd4 Nc6 12. O-O b6 13. Rc1 Bb7 14. Bc4 Qh5 15.
Ne5 Qxd1 16. Rfxd1 Rac8 17. Nxc6 Rxc6 18. d5 Rcc8 19. e4 Bb2 20. Rc2 Ba6 21. Bb3
Rxc2 22. Bxc2 Rc8 23. Bb3 Bc4 24. e5 Bxb3 25. axb3 f6 26. e6 g5 27. d6 exd6 28.
Bxd6 a5 29. g3 Re8 30. e7 Kf7 31. Bc7 Rxe7 32. Bxb6 Bc3 33. Rd5 Re5 34. Rxe5
fxe5 35. Kf1 g4 36. Ke2 Ke6 37. Kd3 Be1 38. Ke4 h5 39. Bc7 Bxf2 40. Bxe5 Bg1 41.
Bc3 Bxh2 42. Kf4 h4 43. Kxg4 Bxg3 44. Bxa5 1/2-1/2

[Event "World Youth Girl U16 2016"]
[Site "Khanty-Mansiysk RUS"]
[Date "2016.09.24"]
[Round "3.23"]
[White "Tomcikova, Zuzana"]
[Black "Bauyrzhan, Arnash"]
[Result "1/2-1/2"]
[WhiteElo "1621"]
[BlackElo "1904"]
[WhiteFideId "14939126"]
[BlackFideId "13706322"]
[EventDate "2016.09.22"]

1. e4 c5 2. Nc3 a6 3. g3 Nc6 4. Bg2 g6 5. d3 Bg7 6. f4 d6 7. Nf3 Bg4 8. Be3 Qa5
9. Qd2 Qb4 10. Rb1 Bxc3 11. Qxc3 Qxc3+ 12. bxc3 O-O-O 13. O-O Nf6 14. Nd2 Be6
15. Rb2 Ng4 16. Bf2 h5 17. Rfb1 b5 18. e5 Nxf2 19. Kxf2 Kc7 20. a4 b4 21. Bxc6
Kxc6 22. cxb4 dxe5 23. fxe5 h4 24. Nf3 hxg3+ 25. hxg3 c4 26. d4 1/2-1/2